[Event "Fagernes Norsk op-B"]
[Site "Fagernes"]
[Date "2015.03.29"]
[Round "7"]
[White "Johnsen, Kjell Magne"]
[Black "Machlik, Monika"]
[Result "1/2-1/2"]
[WhiteElo "2099"]
[BlackElo "1967"]
[PlyCount "84"]
[EventDate "2015.03.29"]
[EventType "swiss"]
[EventRounds "9"]
[EventCountry "NOR"]
[SourceTitle "EXT 2016"]
[Source "ChessBase"]
[SourceDate "2015.10.08"]
[SourceVersion "1"]
[SourceVersionDate "2015.10.08"]
[SourceQuality "1"]

1. d4 Nf6 2. Nf3 e6 3. Bf4 c5 4. e3 d5 5. c3 Nc6 6. Nbd2 Bd6 7. Bg3 0-0 8. Bd3 h6 9. Ne5 Bxe5 10. Bxe5 Nxe5 11. dxe5 Nd7 12. f4 c4 13. Bc2 Qb6 14. 0-0 Qxb2 15. Rf3 Qxc3 16. Rc1 Qb4 17. Rg3 f5 18. Nf3 Qe7 19. Nd4 Nc5 20. Rh3 Bd7 21. g4 Ne4 22. Bxe4 dxe4 23. gxf5 exf5 24. Rxc4 Be6 25. Rc2 Rac8 26. Rg3 Rxc2 27. Qxc2 Rc8 28. Qb2 Qf7 29. a3 b6 30. Rg2 Kh7 31. h3 Qd7 32. Kh2 Rc5 33. Qf2 Rc7 34. Qg3 Qf7 35. Qe1 a6 36. Qb4 b5 37. Qd6 Re7 38. Qxa6 Bc4 39. Qc8 Be6 40. Qc5 Bc4 41. Qc8 Be6 42. Qc6 Bc4 1/2-1/2

[Event "Fagernes Norsk op-B"]
[Site "Fagernes"]
[Date "2015.03.29"]
[Round "5"]
[White "Johnsen, Kjell Magne"]
[Black "Standal, Bard"]
[Result "1-0"]
[WhiteElo "2099"]
[BlackElo "1771"]
[PlyCount "59"]
[EventDate "2015.03.29"]
[EventType "swiss"]
[EventRounds "9"]
[EventCountry "NOR"]
[SourceTitle "EXT 2016"]
[Source "ChessBase"]
[SourceDate "2015.10.08"]
[SourceVersion "1"]
[SourceVersionDate "2015.10.08"]
[SourceQuality "1"]

1. d4 Nf6 2. c4 g6 3. Nc3 Bg7 4. e4 d6 5. Nf3 0-0 6. Be2 Nbd7 7. 0-0 e5 8. Qc2 c6 9. Rd1 Qc7 10. b3 Rd8 11. Bg5 h6 12. Bh4 Re8 13. d5 c5 14. Nd2 g5 15. Bg3 Nf8 16. f3 Ng6 17. Bf2 Nf4 18. Bf1 h5 19. Be3 g4 20. g3 Ng6 21. Be2 gxf3 22. Nxf3 Ng4 23. Bd2 Qe7 24. Rf1 h4 25. h3 hxg3 26. hxg4 Nf4 27. Be1 Bxg4 28. Bxg3 Bxf3 29. Rxf3 Qg5 30. Raf1 1-0

[Event "NOR-chB"]
[Site "Lillehammer"]
[Date "2013.07.06"]
[Round "9"]
[White "Johnsen, Kjell Magne"]
[Black "Andreassen, Arnold"]
[Result "1-0"]
[WhiteElo "2044"]
[BlackElo "2042"]
[PlyCount "63"]
[EventDate "2013.06.29"]
[EventType "swiss"]
[EventRounds "9"]
[EventCountry "NOR"]
[SourceTitle "EXT 2014"]
[Source "ChessBase"]
[SourceDate "2013.11.20"]
[SourceVersion "1"]
[SourceVersionDate "2013.11.20"]
[SourceQuality "1"]

1. d4 Nf6 2. c4 g6 3. Nc3 d5 4. e3 Bg7 5. Qb3 dxc4 6. Bxc4 0-0 7. Nf3 Nfd7 8. 0-0 Nc6 9. Be2 Nb6 10. Rd1 a5 11. Nb5 Be6 12. Qc2 Nb4 13. Qxc7 Bxa2 14. Bd2 Bb3 15. Rdc1 Na2 16. Qxd8 Rfxd8 17. Rc7 Nd5 18. Rxb7 e6 19. Nc3 Ndb4 20. Ng5 f6 21. Nge4 Rdb8 22. Rxb8+ Rxb8 23. Nc5 a4 24. N3xa4 Bd5 25. b3 Bf8 26. Nd7 Ra8 27. Nxf6+ Kf7 28. Nxd5 exd5 29. Bf3 Rb8 30. Kf1 Ke6 31. Ke2 Rc8 32. Bg4+ 1-0

[Event "NOR North-ch"]
[Site "Tromsoe"]
[Date "2013.05.??"]
[Round "2"]
[White "Johnsen, Kjell Magne"]
[Black "Pedersen, Oyvind"]
[Result "1-0"]
[WhiteElo "1990"]
[BlackElo "1955"]
[PlyCount "89"]
[EventDate "2013.05.09"]
[EventType "swiss"]
[EventRounds "6"]
[EventCountry "NOR"]
[SourceTitle "EXT 2024"]
[Source "ChessBase"]
[SourceDate "2023.10.10"]
[SourceVersion "1"]
[SourceVersionDate "2023.10.10"]
[SourceQuality "1"]

1. d4 Nf6 2. c4 c5 3. d5 b5 4. cxb5 a6 5. bxa6 Bxa6 6. Nc3 g6 7. Nf3 Bg7 8. e4 Bxf1 9. Kxf1 d6 10. g3 0-0 11. Kg2 Qa5 12. Bd2 Nbd7 13. a4 Rfb8 14. Nb5 Qb6 15. Qc2 Ne8 16. Rab1 Nc7 17. Nxc7 Qxc7 18. Rhc1 Qa7 19. b3 Rb6 20. a5 Rb5 21. b4 Rab8 22. bxc5 Rxc5 23. Qa4 Rxc1 24. Rxb8+ Qxb8 25. Bxc1 Nc5 26. Qc6 Bc3 27. a6 Ba5 28. Be3 Bb6 29. Bxc5 dxc5 30. Nd2 Kf8 31. Nc4 Ba7 32. Qb7 Ke8 33. Qxb8+ Bxb8 34. Na5 c4 35. Nxc4 Kd7 36. Ne5+ Kc8 37. Nxf7 Kc7 38. Ne5 Ba7 39. Nc6 Bc5 40. Kf3 Kb6 41. a7 Kb7 42. Ke2 h5 43. h4 Bb6 44. a8Q+ Kxa8 45. Nxe7 1-0

[Event "NOR-chT lag"]
[Site "Tromsoe"]
[Date "2013.02.22"]
[Round "2"]
[White "Johnsen, Kjell Magne"]
[Black "Larsen, Helge"]
[Result "1-0"]
[WhiteElo "1972"]
[BlackElo "992"]
[PlyCount "33"]
[EventDate "2013.02.22"]
[EventType "team-swiss"]
[EventRounds "5"]
[EventCountry "NOR"]
[SourceTitle "CBM 153 Extra"]
[Source "ChessBase"]
[SourceDate "2013.04.22"]
[SourceVersion "1"]
[SourceVersionDate "2013.04.22"]
[SourceQuality "1"]

1. d4 d5 2. c4 dxc4 3. Nf3 b5 4. e3 e6 5. a4 c6 6. axb5 cxb5 7. b3 Nf6 8. bxc4 bxc4 9. Bxc4 Qb6 10. 0-0 Be7 11. Nc3 0-0 12. Qe2 Rd8 13. Bd2 Rd7 14. Ne5 Nc6 15. Rfb1 Nb4 16. Nxd7 Bxd7 17. Na2 1-0

[Event "Benidorm op U2000 11th"]
[Site "Benidorm"]
[Date "2012.11.30"]
[Round "1"]
[White "Donazar Garayoa, Miguel"]
[Black "Johnsen, Kjell Magne"]
[Result "1/2-1/2"]
[WhiteElo "1788"]
[BlackElo "1989"]
[PlyCount "43"]
[EventDate "2012.11.30"]
[EventType "swiss"]
[EventRounds "10"]
[EventCountry "ESP"]
[SourceTitle "EXT 2014"]
[Source "ChessBase"]
[SourceDate "2013.11.20"]
[SourceVersion "1"]
[SourceVersionDate "2013.11.20"]
[SourceQuality "1"]

1. e4 c5 2. Nf3 g6 3. c3 Bg7 4. d4 cxd4 5. cxd4 d5 6. e5 Bg4 7. Be2 Nc6 8. h3 Bxf3 9. Bxf3 e6 10. Nc3 Qb6 11. Ne2 Nge7 12. b3 Nf5 13. Bb2 0-0 14. g3 Rfc8 15. 0-0 a5 16. g4 Nfe7 17. a3 Rc7 18. Qd3 Rac8 19. Rfd1 f6 20. exf6 Bxf6 21. Bg2 Nd8 22. Rac1 1/2-1/2

[Event "Vadso CC-ch"]
[Site "Vadso"]
[Date "2012.03.28"]
[Round "6"]
[White "Esbensen, Hans Fredrik"]
[Black "Johnsen, Kjell Magne"]
[Result "0-1"]
[WhiteElo "1493"]
[BlackElo "1869"]
[PlyCount "50"]
[EventDate "2012.02.08"]
[EventType "tourn"]
[EventRounds "6"]
[EventCountry "NOR"]
[SourceTitle "EXT 2024"]
[Source "ChessBase"]
[SourceDate "2023.10.10"]
[SourceVersion "1"]
[SourceVersionDate "2023.10.10"]
[SourceQuality "1"]

1. g3 e5 2. Bg2 d5 3. e3 Nf6 4. Ne2 Nc6 5. b3 Be6 6. Bb2 Qd7 7. Nbc3 Bh3 8. Kf1 h5 9. Ng1 Bxg2+ 10. Kxg2 h4 11. d4 h3+ 12. Kf1 e4 13. Nce2 g5 14. a3 Ng4 15. Nc3 f5 16. Qe2 0-0-0 17. f3 exf3 18. Qxf3 Nxe3+ 19. Qxe3 f4 20. Qf3 Nxd4 21. Qxd5 Qg4 22. Qa5 Bc5 23. Qxc5 fxg3 24. Qxa7 Rhf8+ 25. Ke1 Nxc2# 0-1

[Event "Gibraltar Masters 10th"]
[Site "Caleta"]
[Date "2012.02.01"]
[Round "9"]
[White "Adler, Bo"]
[Black "Johnsen, Kjell Magne"]
[Result "0-1"]
[WhiteElo "2167"]
[BlackElo "1950"]
[PlyCount "38"]
[EventDate "2012.01.24"]
[EventType "swiss"]
[EventRounds "10"]
[EventCountry "GGB"]
[SourceTitle "CBM 147"]
[Source "ChessBase"]
[SourceDate "2012.03.16"]
[SourceVersion "1"]
[SourceVersionDate "2012.03.16"]
[SourceQuality "1"]

1. d4 Nf6 2. c4 c5 3. d5 b5 4. f3 e6 5. e4 bxc4 6. Nc3 Bb7 7. Bxc4 Nxd5 8. Nxd5 exd5 9. Bxd5 Bxd5 10. Qxd5 Nc6 11. Ne2 Nb4 12. Qb3 c4 13. Qc3 Nd3+ 14. Kf1 Qb6 15. Qd4 Bc5 16. Qxc4 Bg1 17. Be3 Qxe3 18. Qd4 Qxd4 19. Nxd4 Bxd4 0-1

[Event "Gibraltar Masters 10th"]
[Site "Caleta"]
[Date "2012.01.29"]
[Round "6"]
[White "Johnsen, Kjell Magne"]
[Black "Ranaivoharisoa, Alain"]
[Result "0-1"]
[WhiteElo "1950"]
[BlackElo "2135"]
[PlyCount "68"]
[EventDate "2012.01.24"]
[EventType "swiss"]
[EventRounds "10"]
[EventCountry "GGB"]
[SourceTitle "CBM 147"]
[Source "ChessBase"]
[SourceDate "2012.03.16"]
[SourceVersion "1"]
[SourceVersionDate "2012.03.16"]
[SourceQuality "1"]

1. d4 e6 2. e4 d5 3. Nc3 dxe4 4. Nxe4 Nd7 5. Nf3 Ngf6 6. Bg5 Be7 7. Bxf6 Nxf6 8. Bd3 0-0 9. Qe2 c5 10. Nxc5 Bxc5 11. dxc5 Qa5+ 12. c3 Qxc5 13. Ne5 b6 14. 0-0-0 Bb7 15. Kb1 Rad8 16. Rhe1 Bxg2 17. Nxf7 Rxf7 18. Bxh7+ Kxh7 19. Rxd8 Be4+ 20. Ka1 Qc7 21. Rd4 Bf5 22. Rh4+ Kg8 23. Rg1 Rd7 24. Qe3 Qd8 25. Rd4 Rxd4 26. cxd4 Nd5 27. Qd2 a5 28. a3 Qh4 29. f3 Kh7 30. b3 b5 31. Kb2 b4 32. a4 Nf4 33. Ka2 Nd3 34. Qg5 Qf2+ 0-1

[Event "Gibraltar Masters 10th"]
[Site "Caleta"]
[Date "2012.01.26"]
[Round "3"]
[White "Johnsen, Kjell Magne"]
[Black "Urbina Perez, Juan Antonio"]
[Result "0-1"]
[WhiteElo "1950"]
[BlackElo "2210"]
[PlyCount "104"]
[EventDate "2012.01.24"]
[EventType "swiss"]
[EventRounds "10"]
[EventCountry "GGB"]
[SourceTitle "CBM 147"]
[Source "ChessBase"]
[SourceDate "2012.03.16"]
[SourceVersion "1"]
[SourceVersionDate "2012.03.16"]
[SourceQuality "1"]

1. d4 Nf6 2. c4 e6 3. Nf3 b6 4. g3 Ba6 5. Nbd2 Bb4 6. Qb3 c5 7. Bg2 Bb7 8. 0-0 0-0 9. a3 Bxd2 10. Bxd2 Na6 11. Rfd1 d5 12. Bg5 h6 13. Bf4 Qc8 14. Rac1 dxc4 15. Qxc4 Bd5 16. Qc3 Qb7 17. Ne1 Bxg2 18. Nxg2 Nd5 19. Qf3 Rac8 20. Ne3 Rfd8 21. dxc5 Rxc5 22. b4 Rxc1 23. Rxc1 Qd7 24. Nxd5 Qxd5 25. Qxd5 exd5 26. Rc3 f6 27. Kf1 g5 28. Bd2 Kf7 29. e3 Rd7 30. Ke2 Nc7 31. Bc1 Nb5 32. Rd3 Ke6 33. Bb2 Rc7 34. Kd1 Nd6 35. Rd2 Ne4 36. Re2 g4 37. Bd4 Rc4 38. Rb2 Ng5 39. a4 Nf3 40. Ke2 Nxd4+ 41. exd4 Rxd4 42. Ke3 Re4+ 43. Kd3 a5 44. bxa5 bxa5 45. Ra2 Ke5 46. Ra1 Rb4 47. Re1+ Kf5 48. Ra1 Rb2 49. Rc1 Rxf2 50. Rc5 Ke5 51. Rxa5 Rxh2 52. Ra8 Rg2 0-1

[Event "Vadso Autumn"]
[Site "Vadso"]
[Date "2011.11.23"]
[Round "7"]
[White "Johnsen, Kjell Magne"]
[Black "Laitamaa, Melker"]
[Result "1-0"]
[WhiteElo "1885"]
[BlackElo "1125"]
[PlyCount "89"]
[EventDate "2011.09.28"]
[EventType "tourn"]
[EventRounds "6"]
[EventCountry "NOR"]
[SourceTitle "EXT 2024"]
[Source "ChessBase"]
[SourceDate "2023.10.10"]
[SourceVersion "1"]
[SourceVersionDate "2023.10.10"]
[SourceQuality "1"]

1. d4 d5 2. c4 c6 3. Nf3 e6 4. Nc3 Nf6 5. Bg5 Be7 6. e3 0-0 7. Qc2 Nh5 8. Bxe7 Qxe7 9. Bd3 g6 10. g4 Nf6 11. h4 Nxg4 12. h5 Nf6 13. hxg6 fxg6 14. 0-0-0 Ng4 15. Rdg1 e5 16. Nxe5 Rxf2 17. Qd1 Qb4 18. Ne2 Nxe3 19. Qd2 Qxd2+ 20. Kxd2 Nf5 21. Ke1 Rxe2+ 22. Bxe2 Nxd4 23. Bd3 Nf5 24. Rh5 Kf8 25. Rxh7 Kg8 26. Rh5 Kg7 27. Rxg6+ Kf8 28. Rh8+ Ke7 29. Rxc8 Nd6 30. Rh8 Ne8 31. Rh7+ Kd8 32. Bf5 Na6 33. Rd7+ Kc8 34. Rxd5+ Kb8 35. Rd8+ Kc7 36. Rxa8 Nd6 37. Bd3 Nc5 38. Rh8 Nxd3+ 39. Nxd3 Nxc4 40. Rh7+ Kb6 41. Rgg7 Nd6 42. Rd7 Nc8 43. Rh8 Nd6 44. Rxd6 Kc7 45. Rg6 1-0